Reforma del Estado en Costa Rica/
En su trabajo, Doryan se ocupa de tres aspectos referentes a la reforma del estado: a-. los principios, en los cuales distingue tres visiones acerca del estado: el estado mínimo, el estado máximo y el estado legítimo, que sería lo óptimo para Costa Rica b-. el qué y cómo de la reforma del estado, se...
Guardado en:
| Autor principal: | |
|---|---|
| Autor Corporativo: | |
| Formato: | Desconocido |
| Lenguaje: | Spanish |
| Materias: | |
| Etiquetas: |
Agregar Etiqueta
Sin Etiquetas, Sea el primero en etiquetar este registro!
|
MARC
| LEADER | 00000 a2200000 04500 | ||
|---|---|---|---|
| 001 | 4490 | ||
| 003 | CIDCACS | ||
| 005 | 20221103145622.0 | ||
| 008 | 221103b |||||||| |||| 00| 0 spa d | ||
| 040 | |c CIDCACS | ||
| 100 | 1 | |9 9755 |a Doryan Garrón, Eduardo |e Autor | |
| 245 | 1 | |a Reforma del Estado en Costa Rica/ |c Eduardo Doryan Garrón | |
| 300 | |a páginas 507-510 | ||
| 520 | |a En su trabajo, Doryan se ocupa de tres aspectos referentes a la reforma del estado: a-. los principios, en los cuales distingue tres visiones acerca del estado: el estado mínimo, el estado máximo y el estado legítimo, que sería lo óptimo para Costa Rica b-. el qué y cómo de la reforma del estado, según los cuales lo que se requiere es un estado mejor, más estratégico, concertador y de calidad y, c-. las estrategias para reformar el estado: en este caso se trata de lograr un mejor sector público a través de estrategias selectivas y organizacionales. EBZ/mb | ||
| 650 | |a ESTADO | ||
| 650 | |a REFORMAS ADMINISTRATIVAS | ||
| 650 | |a MODERNIZACION | ||
| 650 | |a ESTRATEGIA DEL DESARROLLO | ||
| 650 | |a SECTOR PUBLICO | ||
| 710 | |a Universidad Nacional (Costa Rica) | ||
| 773 | 0 | |0 17141 |9 4797 |a Costa Rica. |d Heredia: UNA, 1993 |o 22321 |t Ideario Costarricense / |w (cru CIDCACS/IIS)4416 | |
| 942 | |2 ddc |c LI | ||
| 999 | |c 7361 |d 7361 | ||
